Animaux de Red Dead Redemption II - Statistiques

Statistiques générales
  • Ce quiz a été pris 89 fois
  • Le résultat moyen est 82 sur 178
Statistiques - réponses
Catégorie Réponse % Correct
Mammifère énorme Grizzly
86%
Mammifère énorme (légendaire) Grizzly légendaire Bharati
86%
Mammifère énorme Ours noir américain
86%
Reptile énorme Alligator américain
83%
Gros reptile Alligator américain (petit)
83%
Mammifère énorme (légendaire) Alligator mâle légendaire
83%
Gros mammifère Biche de Virginie
81%
Gros mammifère Cerf de Virginie
80%
Gros mammifère (légendaire) Cerf légendaire
80%
Gros mammifère Loup des bois
80%
Gros mammifère Loup gris
80%
Gros mammifère (légendaire) Loup légendaire
80%
Mammifère modeste (domestique) Caniche
77%
Petit mammifère Rat brun
77%
Petit mammifère Rat noir
77%
Mammifère modeste (domestique) Berger australien
75%
Mammifère modeste (domestique) Bluetick Coonhound
75%
Mammifère modeste (domestique) Border collie
75%
Mammifère modeste (domestique) Chien de Saint-Hubert
75%
Mammifère modeste (domestique) Chien léopard catahoula
75%
Mammifère modeste (domestique) Corniaud
75%
Mammifère modeste (domestique) Foxhound américain
75%
Mammifère modeste (domestique) Husky de Sibérie
75%
Mammifère modeste (domestique) Labrador retriever
75%
Mammifère modeste (domestique) Retriever de la baie de Chesapeake
75%
Mammifère modeste (domestique) Rufus
75%
Mammifère modeste (domestique) Chat domestique américain
74%
Mammifère énorme (domestique) Vache de Floride
74%
Mammifère moyen Renard argenté
70%
Mammifère moyen Renard gris d'Amérique
70%
Mammifère moyen (légendaire) Renard légendaire
70%
Mammifère moyen Renard roux d'Amérique
70%
Mammifère énorme Bison américain
68%
Mammifère énorme (légendaire) Bison blanc légendaire
68%
Mammifère énorme (légendaire) Bison légendaire Tatanka
68%
Gros mammifère (légendaire) Couguar légendaire
68%
Petit reptile Crotale à queue noire
62%
Petit reptile Crotale des bois
62%
Petit reptile Crotale du Texas
62%
Petit reptile Fer-de-lance
61%
Petit reptile Boa albinos
59%
Petit reptile Boa arc-en-ciel
59%
Petit reptile Boa constricteur
59%
Petit reptile Couleuvre d'eau du Centre
59%
Petit reptile Couleuvre d'eau du Nord
59%
Mammifère moyen Coyote de Californie
59%
Mammifère moyen (légendaire) Coyote légendaire
59%
Mammifère modeste Lièvre de Californie
59%
Petit reptile Mocassin à tête cuivrée du Nord
59%
Petit reptile Mocassin à tête cuivrée du Sud
59%
Petit reptile Mocassin d'eau
59%
Gros mammifère Panthère
59%
Gros mammifère Panthère de Floride
59%
Gros mammifère (légendaire) Panthère légendaire Giaguaro
59%
Oiseau modeste Aigle à tête blanche
57%
Oiseau modeste Aigle royal
57%
Petit oiseau Grand corbeau
57%
Gros mammifère Sanglier
57%
Gros mammifère (légendaire) Sanglier légendaire
57%
Mammifère énorme Wapiti femelle des montagnesRocheuses
57%
Mammifère énorme (légendaire) Wapiti légendaire
57%
Mammifère énorme Wapiti mâle des montagnesRocheuses
57%
Mammifère moyen (domestique) Chèvre alpine
55%
Gros mammifère Antilope femelle d'Amérique
54%
Gros mammifère Antilope femelle de Basse-Californie
54%
Gros mammifère Antilope femelle de Sonora
54%
Gros mammifère (légendaire) Antilope légendaire
54%
Gros mammifère Antilope mâle d'Amérique
54%
Gros mammifère Antilope mâle de Basse-Californie
54%
Gros mammifère Antilope mâle de Sonora
54%
Mammifère moyen (domestique) Cochon Berkshire
54%
Mammifère moyen (domestique) Cochon de Chine
54%
Mammifère moyen (domestique) Cochon Old Spot
54%
Gros mammifère Mouflon de la Sierra Nevada (femelle)
52%
Gros mammifère Mouflon de la Sierra Nevada (mâle)
52%
Gros mammifère Mouflon des montagnes Rocheuses (femelle)
52%
Gros mammifère Mouflon des montagnesRocheuses (mâle)
52%
Gros mammifère Mouflon du désert (femelle)
52%
Gros mammifère Mouflon du désert (mâle)
52%
Gros mammifère (légendaire) Mouflon légendaire
52%
Mammifère énorme (domestique) Taureau Angus
52%
Mammifère énorme (domestique) Taureau Devon
52%
Mammifère énorme (domestique) Taureau Hereford
52%
Petit oiseau Tétras des prairies
52%
Petit mammifère Écureuil noir
51%
Petit mammifère Écureuil occidental
51%
Petit mammifère Écureuil roux d'Amérique
51%
Gros mammifère (domestique) Mérinos
51%
Petit oiseau (domestique) Poule de Java
51%
Petit oiseau (domestique) Poule dominicaine
51%
Petit oiseau (domestique) Poule Leghorn
51%
Reptile modeste Iguane du désert
49%
Reptile modeste Iguane vert
49%
Oiseau modeste Urubu à tête rouge de l'Est
49%
Oiseau modeste Urubu à tête rouge de l'Ouest
49%
Mammifère moyen Castor d'Amérique du Nord
48%
Mammifère moyen (légendaire) Castor légendaire
48%
Petit oiseau Pigeon à queue barrée
43%
Petit oiseau Pigeon biset
43%
Petit oiseau Ara bleu
42%
Petit oiseau Ara rouge
42%
Petit oiseau Grand ara vert
42%
Amphibien Grenouille-taureau américaine
42%
Mammifère énorme Orignal
42%
Mammifère énorme (légendaire) Orignal légendaire
42%
Mammifère énorme Orignal mâle
42%
Gros mammifère (domestique) Âne
41%
Mammifère énorme (domestique) Boeuf Angus
41%
Mammifère énorme (domestique) Boeuf Devon
41%
Gros reptile Tortue alligator
41%
Gros mammifère Couguar
39%
Crustacé Crabe de terre cubain
39%
Oiseau modeste Goéland à bec cerclé
36%
Oiseau modeste Goéland argenté
36%
Petit oiseau Moineau friquet (bruant)
36%
Oiseau modeste Mouette atricille
36%
Petit oiseau (domestique) Coq de Java
35%
Petit oiseau (domestique) Coq dominicain
35%
Petit oiseau (domestique) Coq Leghorn
35%
Oiseau modeste Dinde sauvage
35%
Oiseau modeste Dinde sauvage du Rio Grande
35%
Mammifère modeste Blaireau américain
33%
Oiseau modeste Buse à queue rousse
33%
Oiseau modeste Buse pattue
33%
Oiseau modeste Buse rouilleuse
33%
Petit oiseau Canard colvert
33%
Petit oiseau Canard de Pékin
33%
Oiseau modeste Aigrette neigeuse
32%
Oiseau modeste Aigrette roussâtre
32%
Oiseau modeste Petite aigrette
32%
Oiseau modeste Bubo de Californie
30%
Oiseau modeste Bubo du Pacifique
30%
Amphibien Crapaud boréal
30%
Amphibien Crapaud de Sonora
30%
Oiseau modeste Grand-duc d'Amérique
30%
Mammifère modeste Moufette rayée
30%
Mammifère modeste Raton laveur d'Amérique du Nord
29%
Oiseau modeste Grand héron
28%
Oiseau modeste Héron tricolore
28%
Petit oiseau Merle d'Amérique
28%
Petit oiseau Corneille
26%
Petit oiseau Geai bleu
26%
Mammifère modeste Opossum de Virginie
25%
Oiseau modeste Spatule rosée
25%
Petit oiseau Grand pic
23%
Oiseau modeste Pélican brun
23%
Oiseau modeste Pélican d'Amérique
23%
Petit mammifère Petite chauve-souris brune
23%
Petit oiseau Pic à ventre roux
23%
Gros mammifère (domestique) Mule
22%
Petit oiseau Cardinal du Nord
20%
Crustacé Écrevisse de Louisiane
20%
Mammifère modeste Tatou à neuf bandes
19%
Oiseau modeste Bernache du Canada
17%
Petit oiseau Bruant à couronne dorée
17%
Petit oiseau Bruant hudsonien
17%
Oiseau modeste Condor de Californie
14%
Petit oiseau Faisan à collier
14%
Petit oiseau Faisan doré à collier
14%
Oiseau modeste Grue blanche
14%
Oiseau modeste Grue du Canada
14%
Petit oiseau Fou à pieds rouge
13%
Reptile modeste Monstre de Gila à bandes
13%
Petit oiseau Oriole de Baltimore
13%
Petit oiseau Oriole masqué
13%
Gros mammifère Pécari à collier
13%
Mammifère modeste Rat musqué d'Amérique
13%
Petit mammifère Tamia de Californie
13%
Oiseau modeste Cormoran à aigrettes
10%
Oiseau modeste Cormoran vigua
10%
Petit oiseau Plongeon à bec blanc
10%
Petit oiseau Plongeon du Pacifique
10%
Petit oiseau Plongeon huard
10%
Petit oiseau Jaseur d'Amérique
9%
Petit oiseau Piranga à tête rouge
9%
Petit oiseau Piranga écarlate
9%
Petit oiseau Caille de Californie
7%
Petit oiseau Conure de Caroline
6%
Aucun quiz correspondant
Distribution des résultats
% des personnes avec chaque résultat
Percentile par nombre de réponses
Votre historique - résultats
Vous n’avez pas pris ce quiz